000 00509nam a2200193Ia 4500
005 20240823013010.0
008 240823s9999||||xx |||||||||||||| ||und||
020 _a0-0-408-00758-3
041 _aENGLISH
082 _A620.1102 P3
100 _a"Noltingk,Bengt"
245 0 _aInstrument Technology : Electrical and Radiation Measurements Vol3
250 _a4th
260 _c2003
_b"BH,Oxford"
500 _aTRANSFERED
650 _aInstrumentation
_bInstrumentation
942 _cBK
999 _c165999
_d165999